000 00397 a2200121 4500
001 ART_50129
005 20260410161945.0
008 260409a
245 1 0 _aReflexiones sobre la "conciliación" como modo de resolver los litigios laborales
100 1 _aFera, Mario S.
700 1 _aCouceyro, Karina V.
773 0 _tTemas de derecho laboral
_g- N° 11 (nov. 2019)
_wREV27619
999 _c29819
_d29819